Lista ilustrada das aves do Parque Nacional do Jaú / (Registro nro. 5715)
[ vista simple ]
| 000 -CABECERA | |
|---|---|
| Campo de control | 01068nam a2200277 a 4500 |
| 005 - FECHA Y HORA DE LA ULTIMA TRANSACCION | |
| Campo de control | 20150922161356.0 |
| 008 - ELEMENTOS DE LONGITUD FIJA—INFORMACION GENERAL | |
| Campo de control | 150922b2003 br |||||r|||| 00| 0 spa d |
| 040 ## - FUENTE DE CATALOGACIÓN | |
| Agencia catalogadora original | CO-BoIAVH |
| Agencia transcriptora | CO-BoIAVH |
| 041 0# - IDIOMA | |
| Código de idioma para texto/pista de sonido o título separado | Portugués |
| 044 ## - PAÍS DE PUBLICACIÓN | |
| País de publicación | Brasil |
| 082 04 - NUMERO DE CLASIFICACION DECIMAL DEWEY | |
| Número de clasificación | 598.0723 |
| Número del ítem | F97l |
| 090 ## - CLASIFICACIÓN LOCAL | |
| Colección | LB |
| Consecutivo | 04972 |
| 110 2# - ASIENTO PRINCIPAL--NOMBRE CORPORATIVO | |
| Unidad subordinad | Fundaҫao Vitoria Amazonica |
| 9 (RLIN) | 39520 |
| 245 ## - MENCION DE TITULO | |
| Título | Lista ilustrada das aves do Parque Nacional do Jaú / |
| Mención de responsabilidad | Fundaҫao Vitoria Amazonica |
| 246 ## - FORMA VARIANTE DEL TITULO | |
| Título propiamente dicho/forma breve del título | A illustrated check-list of birds of Jaú National Park |
| 260 ## - PUBLICACION, DISTRIBUCION, ETC. (PIE DE IMPRENTA) | |
| Lugar de publicación, distribución, etc. | Manaus (Brasil): |
| Nombre del editor, distribuidor, etc. | Fundaҫao Vitoria Amazonica, |
| Fecha de publicación, distribución, etc. | 2003. |
| 300 ## - DESCRIPCION FISICA | |
| Extensión | 75 páginas : |
| Otros detalles físicos | ilustraciones y fotografías a color ; |
| Dimensiones | 23 cm. |
| 500 ## - NOTA GENERAL | |
| Nota general | Incluye listados de nombres científicos y nombre comunes. |
| 650 #4 - ASIENTO SECUNDARIO DE MATERIA - TERMINO TEMATICO | |
| Término temático o nombre geográfico como elemento de entrada | Aves |
| Subdivisión de forma | catálogo |
| Subdivisión geográfica | Manaus (Brasil) |
| 9 (RLIN) | 39521 |
| 650 #4 - ASIENTO SECUNDARIO DE MATERIA - TERMINO TEMATICO | |
| Término temático o nombre geográfico como elemento de entrada | Aves |
| Subdivisión general | Clasifcación |
| Subdivisión geográfica | Manaus (Brasil) |
| 9 (RLIN) | 39522 |
| 650 #4 - ASIENTO SECUNDARIO DE MATERIA - TERMINO TEMATICO | |
| Término temático o nombre geográfico como elemento de entrada | Aves |
| Subdivisión de forma | Guía |
| Subdivisión geográfica | Manaus (Brasil) |
| 9 (RLIN) | 39523 |
| 651 #4 - ASIENTO SECUNDARIO DE MATERIA - NOMBRE GEOGRAFICO | |
| Nombre geográfico | Brasil |
| Subdivisión geográfica | Manaus |
| -- | Parque Nacional do Jaú |
| 9 (RLIN) | 39524 |
| 651 #6 - ASIENTO SECUNDARIO DE MATERIA - NOMBRE GEOGRAFICO | |
| Nombre geográfico | Brasil |
| Subdivisión geográfica | Amazonía |
| 9 (RLIN) | 39525 |
| 700 1# - ASIENTO SECUNDARIO - NOMBRE PERSONAL | |
| Nombre personal | Borges, Sergio Henrique |
| Término de relación | Textos |
| 9 (RLIN) | 39526 |
| 942 ## - ELEMENTOS ADICIONALES (KOHA) | |
| Tipo de ítem | Libro |
| Sistema de clasificación | Dewey Decimal Classification |
| Withdrawn status | Lost status | Sistema de Clasificación | Damaged status | No para préstamo | Colección | Inventariado | Ubicación Permanente | Ubicación actual | Fecha de adquisición | Fuente de Valor | Valor | Total Checkouts | Número topográfico | Inventario / Código de Barras | Date last seen | Ejemplar | Price effective from | Forma de adquisición | Tipo de material |
|---|---|---|---|---|---|---|---|---|---|---|---|---|---|---|---|---|---|---|---|
| Dewey Decimal Classification | General | Inventariado 2017 | Bogotá | Bogotá | 26/07/2007 | Instituto | 30000.00 | LB-598.0723 F97l | 024788 | 04/12/2012 | Ej.1 | 04/12/2012 | Libro |